000 00444nam a2200145 i 4500
001 56760
003 ES-MaACL
007 t|
008 031013s1983 sp ||||1| spa d
100 1 _aDietz, Adolf.
_944628
245 1 3 _aEl derecho de autor en la Comunidad Europea /
_cAdolf Dietz.
260 _a[Madrid] :
_bMinisterio de Cultura, Secretaría General Técnica,
_c[1983]
300 _a2 v. ;
_c19 cm.
852 _aES-MaACL
_jL-5734-5
_bR.106349
999 _c56760
_d56760